[Event "Wch U12"]
[Site "Al Ain"]
[Date "2013.12.27"]
[Round "10"]
[White "Thiyasara, KT Thisen"]
[Black "Sadiqli, Aslan Mubariz"]
[Result "1-0"]
[WhiteElo "1522"]
[BlackElo "1730"]
[PlyCount "107"]
[EventDate "2013.12.18"]
[EventType "swiss"]
[EventRounds "11"]
[EventCountry "UAE"]
[SourceTitle "CBM 158 Extra"]
[Source "ChessBase"]
[SourceDate "2014.02.28"]
[SourceVersion "1"]
[SourceVersionDate "2014.02.28"]
[SourceQuality "1"]

1. d4 d5 2. c4 c6 3. Nf3 Nf6 4. g3 dxc4 5. Qc2 Bg4 6. Bg2 e6 7. Qxc4 Nbd7 8. Nc3 Nb6 9. Qd3 Nbd5 10. e4 Nb4 11. Qe2 Be7 12. Be3 0-0 13. 0-0 Qa5 14. a3 Na6 15. Qc2 Qh5 16. Ne5 Bd6 17. Nd3 Bc7 18. Rac1 Bh3 19. f3 Bxg2 20. Qxg2 Qa5 21. Qf2 Rfd8 22. Ra1 Bb8 23. b4 Qb6 24. Rfd1 Nc7 25. d5 Qa6 26. Nc5 Qc4 27. Rac1 b6 28. Rd4 Qxd4 29. Bxd4 bxc5 30. Bxf6 gxf6 31. dxc6 cxb4 32. axb4 a6 33. Kh1 Ba7 34. Qb2 Bd4 35. Qb3 Rab8 36. Ne2 a5 37. Nxd4 Rxd4 38. Qa3 axb4 39. Qa7 Rdd8 40. Qxc7 b3 41. Rb1 Rdc8 42. Qd7 Rd8 43. c7 Rxd7 44. cxb8Q+ Kg7 45. Qxb3 Rc7 46. Qe3 Rd7 47. e5 h6 48. exf6+ Kg6 49. Qf4 e5 50. Qg4+ Kxf6 51. Qxd7 e4 52. Rb6+ Kg7 53. Qg4+ Kh7 54. Rb8 1-0

[Event "Wch U12"]
[Site "Al Ain"]
[Date "2013.12.19"]
[Round "2"]
[White "Chon, Yongjoon"]
[Black "Sadiqli, Aslan Mubariz"]
[Result "1-0"]
[WhiteElo "1396"]
[BlackElo "1730"]
[PlyCount "47"]
[EventDate "2013.12.18"]
[EventType "swiss"]
[EventRounds "11"]
[EventCountry "UAE"]
[SourceTitle "CBM 158 Extra"]
[Source "ChessBase"]
[SourceDate "2014.02.28"]
[SourceVersion "1"]
[SourceVersionDate "2014.02.28"]
[SourceQuality "1"]

1. e4 e5 2. Bc4 Nc6 3. Nc3 Bc5 4. d3 Nf6 5. f4 d6 6. Nf3 Ng4 7. Ng5 0-0 8. f5 Nf6 9. h4 Bb4 10. 0-0 h6 11. Nd5 Nxd5 12. Bxd5 Bc5+ 13. Kh2 Nb4 14. Bb3 Qf6 15. Rf3 c6 16. c3 Na6 17. Qe2 Nc7 18. Rg3 a5 19. Qh5 d5 20. Nf3 Kh8 21. Bg5 Qd6 22. f6 Ne8 23. Bxh6 Nxf6 24. Bxg7+ 1-0